| 000 | 00420nam a22001697a 4500 | ||
|---|---|---|---|
| 005 | 20180720153820.0 | ||
| 008 | 160513b xxu||||| |||| 00| 0 eng d | ||
| 020 | _a978-0-007804-8 | ||
| 041 | _aeng | ||
| 082 |
_b1938 _a658.3 |
||
| 100 |
_aMcshane ,Steven L. _94599 |
||
| 245 | _aOrganizational Behaviour | ||
| 260 |
_aNew Delhi _bMc Graw Hill Companies, |
||
| 300 | _a645p, | ||
| 650 |
_aManagement _9241 |
||
| 942 | _cBK | ||
| 999 |
_c729 _d729 |
||